Um pressentimento funesto / (Record no. 146)

MARC details
000 -LÍDER
campo de controle de tamanho fixo 01578nam a2200349 4500
001 - NÚMERO DE CONTROLE
campo de controle 146
003 - IDENTIFICADOR DO NÚMERO DE CONTROLE
campo de controle OSt
005 - DATA E HORÁRIO DA ÚLTIMA TRANSAÇÃO
campo de controle 20250528074013.0
008 - CAMPO DE DADOS FIXOS--INFORMAÇÃO GERAL
campo de controle de tamanho fixo 250128b |||||||g |||| 00| 1 eng d
040 ## - FONTE DA CATALOGAÇÃO
Idioma da catalogação por
041 ## - CÓDIGO DE IDIOMA
Código do idioma do original e/ou traduções intermediárias do texto eng
Código do idioma do texto/trilha sonora ou título diferente por
082 ## - CDD - CLASSIFICAÇÃO DECIMAL DE DEWEY
Número de Classificação 823
Número do exemplar C555pr
100 1# - ENTRADA PRINCIPAL--NOME PESSOAL
Nome pessoal Christie, Agatha,
Datas associadas ao nome 1890-1976
9 (RLIN) 268
240 ## - TÍTULO UNIFORME
Título uniforme By the pricking of my thumbs
245 ## - TÍTULO
Título Um pressentimento funesto /
Indicação de responsabilidade, etc. Christie, Agatha ; Tradução de Milton Persson
260 ## - PUBLICAÇÃO, DISTRIBUIÇÃO, ETC.
Local de publicação, distribuição, etc. Rio de Janeiro
Nome do editor, distribuidor, etc. Record
Data da publicação, distribuição, etc. 1987
300 ## - DESCRIÇÃO FÍSICA
Extensão 228 p.
490 1# - TÍTULO DA SÉRIE
Título da série Tommy e Tuppence Beresford
520 ## - NOTA DE RESUMO, ETC.
Resumo, etc. Autora de mais de oitenta obras de ficção, Dame Agatha se notabilizou por uma incrível capacidade de criar enigmas humanos aparentemente indecifráveis, num mundo dinamizado pela antinomia de duas forças: o bem e o mal, forças eternas, a essência do maniqueísmo. Em sua ficção, há uma espécie de transgressão às regras do jogo da vida, e a morte sempre leva uma vantagem inicial até encontrar um oponente à altura. Aqui, este oponente surge nas figuras de Tommy e Tuppence, simpático e incansável casal que, junto com o leitor, desafia a argúcia que todo romance de Agatha Christie impõe.
650 #0 - ASSUNTO--TERMO TÓPICO
Cabeçalho tópico ou nome geográfico Literatura Inglesa
9 (RLIN) 89
650 #0 - ASSUNTO--TERMO TÓPICO
Cabeçalho tópico ou nome geográfico Romance Policial
9 (RLIN) 11
650 #0 - ASSUNTO--TERMO TÓPICO
Cabeçalho tópico ou nome geográfico Suspense
9 (RLIN) 10
650 #0 - ASSUNTO--TERMO TÓPICO
Cabeçalho tópico ou nome geográfico Mistério
9 (RLIN) 42
650 #0 - ASSUNTO--TERMO TÓPICO
Cabeçalho tópico ou nome geográfico Crime e Investigação
9 (RLIN) 13
650 #0 - ASSUNTO--TERMO TÓPICO
Cabeçalho tópico ou nome geográfico Clássicos
9 (RLIN) 77
650 #0 - ASSUNTO--TERMO TÓPICO
Cabeçalho tópico ou nome geográfico Filme
9 (RLIN) 26
655 #0 - TERMO DE ÍNDICE--GÊNERO E FORMA
Gênero/forma/ou termo foco Romance
655 #0 - TERMO DE ÍNDICE--GÊNERO E FORMA
Gênero/forma/ou termo foco Ficção
700 ## - ENTRADA ADICIONADA - NOME PESSOAL
Nome pessoal Milton Persson
Função do autor por extenso Tradutor
9 (RLIN) 155
830 ## - ENTRADA SECUNDÁRIA DE SÉRIE--TÍTULO UNIFORME
Título uniforme Tommy e Tuppence Beresford
9 (RLIN) 291
942 ## - ELEMENTOS DE ENTRADA ADICIONADOS (KOHA)
Fonte de classificação ou esquema de arquivamento Classificação decimal de Dewey
Ocultar no OPAC Não
Tipo de material Koha Livros
Holdings
Situação do descarte Situação das perdas Fonte de classificação ou esquema de arquivamento Status danificado Não pode ser emprestado Coleção Biblioteca de origem Biblioteca atual Localização na estante Data de aquisição Fonte de aquisição Total de empréstimos Número de chamada completo Código de barras Data de último acesso Data do preço efetivo Tipo de material Koha
    Classificação decimal de Dewey     Ficção Biblioteca Professor Eduardo Afonso de Castro Biblioteca Professor Eduardo Afonso de Castro Literatura Estrangeira 12.09.2013 doação   823 / C555pr 2025-14755 28.01.2025 28.01.2025 Livros

Powered by Koha